| 000 | 01817nam a2200325 i 4500 | ||
|---|---|---|---|
| 001 | BK0026372668 | ||
| 005 | 20210924143631.0 | ||
| 008 | 201020s2020 meua a 000 1 eng d | ||
| 010 | _aoc2020002143 | ||
| 020 |
_a9780884488224 : HRD _c17.95 |
||
| 020 |
_a0884488225 : HRD _c17.95 |
||
| 037 |
_bW W Norton & Co Inc, Keystone Industrial Park Attn Mike Charnogursky 800 Keystone Industrial Park, Scranton, PA, USA, 18512 _nSAN 202-5795 |
||
| 040 |
_aIMmBT _beng _cIMmBT _erda |
||
| 050 | 1 | 4 |
_aPZ7.S72147 _bCal 2020 |
| 082 | 0 | 4 |
_a[E] _223 |
| 092 | _aE | ||
| 100 | 1 |
_aSorenson, Margo, _eauthor. _96380709 |
|
| 245 | 1 | 0 |
_aCalvin gets the last word / _cstory by Margo Sorenson ; illustrations by Mike Deas. |
| 264 | 1 |
_a[Thomaston, Maine] : _bTilbury House Publishers, _c[2020] |
|
| 300 |
_a1 volume (unpaged) : _bcolor illustrations ; _c24 x 27 cm |
||
| 336 | _atext | ||
| 336 | _astill image | ||
| 337 | _aunmediated | ||
| 338 | _avolume | ||
| 520 |
_a"Calvin's dictionary is proud to be carried everywhere Calvin goes--the breakfast table, school, baseball practice, and home again--because Calvin is determined to find the perfect word to attach to his annoying older brother. The word isn't exactly revenge, mayhem, bewilderment, subterfuge, pulverize, or even retaliation, though all those words are so close and very tempting. When Calvin finally finds the right word for his rascally brother, his dictionary is surprised and delighted, and readers will enjoy celebrating the triumphant discovery of Calvin's perfect word along with his dictionary"-- _cProvided by publisher. |
||
| 655 | 7 |
_aPicture books. _2lcgft |
|
| 650 | 1 |
_aBrothers _vFiction. _95674799 |
|
| 650 | 1 |
_aVocabulary _vFiction. _95730634 |
|
| 700 | 1 |
_aDeas, Mike, _d1982- _eillustrator. _95808979 |
|
| 999 |
_c354769 _d354769 |
||